Statistics for FRIENDS main characters in 60 seconds

Click here to take the quiz!

General Stats

  • This quiz has been taken 63 times
  • The average score is 6 of 6

Answer Stats

HintAnswer% Correct
1Joey
100%
4Monica
100%
2Chandler
98%
3Phoebe
98%
5Ross
98%
6Rachel
96%

Score Distribution

Percentile by Number Answered

Percent of People with Each Score

Your Score History

You have not taken this quiz